Options, futures, and other derivative securities / (Record no. 182219)
[ view plain ]
| 000 -LEADER | |
|---|---|
| fixed length control field | 00778nam a22002297a 4500 |
| 005 - DATE AND TIME OF LATEST TRANSACTION | |
| control field | 20211108164528.0 |
| 010 ## - LCCN (DPL NO) | |
| LC control number | B-741824 |
| 020 ## - INTERNATIONAL STANDARD BOOK NUMBER | |
| International Standard Book Number | 9788131790311 |
| Terms of availability | 200.00 |
| 035 ## - SYSTEM CONTROL NUMBER | |
| System control number | B-741824 |
| 037 ## - SOURCE OF ACQUISITION | |
| Source of stock number/acquisition | Pearson /Gift |
| 082 ## - DEWEY DECIMAL CLASSIFICATION NUMBER | |
| Classification number | 332.645 |
| 100 ## - MAIN ENTRY--PERSONAL NAME | |
| Personal name | Hull, John C. |
| 245 ## - TITLE STATEMENT | |
| Title | Options, futures, and other derivative securities / |
| Statement of responsibility, etc | by John C. Hull [and] Sankarshan Basu |
| 250 ## - EDITION STATEMENT | |
| Edition statement | 8th ed |
| 260 ## - PUBLICATION, DISTRIBUTION, ETC. (IMPRINT) | |
| Place of publication, distribution, etc | New Delhi |
| Name of publisher, distributor, etc | Pearson |
| Date of publication, distribution, etc | 2014 |
| 270 ## - ADDRESS | |
| Address | 11 Community Centre, Panchsheel Park, |
| City | New Delhi |
| Postal code | 110017 |
| 300 ## - PHYSICAL DESCRIPTION | |
| Extent | xxi, 872p. |
| Dimensions | 25cm(pbk) |
| 500 ## - GENERAL NOTE | |
| General note | includes index |
| 700 ## - ADDED ENTRY--PERSONAL NAME | |
| Personal name | Basu, Sankarshan |
| 942 ## - ADDED ENTRY ELEMENTS (KOHA) | |
| Institution code [OBSOLETE] | dpl |
| Item type | English Books |
| Source of classification or shelving scheme | Dewey Decimal Classification |
| Call number suffix | HUL |
| Classification part | 332.645 |
| Withdrawn status | Lost status | Not for loan | Collection code | Home library | Current library | Date acquired | Source of acquisition | Cost, normal purchase price | Full call number | Barcode | Copy number | Cost, replacement price | Koha item type | Public note |
|---|---|---|---|---|---|---|---|---|---|---|---|---|---|---|
| Non-fiction | Bawana | Bawana | 08/11/2021 | Eng/Gift/8.11.2021 | 200.00 | 332.645 HUL | B-741824 | 1 | 200.00 | English Books | Gift |
